| 000 | 00400nam a2200145 a 4500 | ||
|---|---|---|---|
| 001 | 1960 | ||
| 003 | CDMR | ||
| 005 | 20130116135221.0 | ||
| 008 | 130130s2001||||||||||||||||||||||||||||d | ||
| 040 |
_aCDMR _bcat _cCPC GIRONA |
||
| 100 | 1 |
_aOliva Casas, Josep _91467 |
|
| 245 | 1 | 3 |
_aLa confusió de l'urbanisme _bCiutat pública vs ciutat domèstica _cOliva Casas, Josep |
| 260 |
_c2001 _bPòrtic |
||
| 942 | _cMON | ||
| 999 |
_c1960 _d1960 |
||